Aaron Burr, Sir Lyrics Quiz - Statistics

General Stats
  • This quiz has been taken 27 times
  • The average score is 314 of 400
Answer Stats
Answer % Correct
Yo
100%
yo
100%
yo!
100%
Yo!
100%
a
91%
’a
91%
Aaron
91%
Alexander
91%
Are
91%
at
91%
Burr,
91%
Burr!
91%
depends.
91%
Hamilton,
91%
I
91%
I’m
91%
me.
91%
me
91%
me!
91%
service,
91%
sir?
91%
sir,
91%
sir.
91%
Sir…
91%
That
91%
that
91%
that:
91%
we
91%
who
91%
you
91%
you.
91%
You
91%
your
91%
an
86%
asking?
86%
be
86%
be!
86%
course
86%
course!
86%
do
86%
for
86%
for…
86%
for.
86%
for?
86%
free
86%
free!
86%
get
86%
have
86%
He
86%
heard
86%
in
86%
is
86%
it?
86%
It
86%
it
86%
it,
86%
It’s
86%
it’s
86%
may
86%
No
86%
not
86%
of
86%
Of
86%
Oh,
86%
or
86%
punched
86%
Show
86%
So
86%
so
86%
some
86%
sure,
86%
the
86%
The
86%
to
86%
To
86%
was
86%
well,
86%
Well,
86%
We’ll
86%
what
86%
What
86%
when
86%
where
86%
Who’s
86%
Yes!
86%
Yes.
86%
yes
86%
advice.
82%
again?”
82%
against
82%
ahead?
82%
blur,
82%
Can
82%
dead.
82%
Don’t
82%
don’t
82%
dying
82%
fast?
82%
getting
82%
Graduate
82%
graduate
82%
him.
82%
how’d
82%
How’d
82%
know
82%
less.
82%
let
82%
like
82%
…like
82%
more
82%
more.
82%
more…
82%
my
82%
nervous.
82%
nice.
82%
off
82%
on
82%
orphan.
82%
Pardon
82%
parent’s
82%
place
82%
Princeton.
82%
Princeton
82%
revolution.
82%
revolution!
82%
Smile
82%
Talk
82%
them
82%
there
82%
time
82%
time!
82%
up
82%
wanna
82%
want
82%
war!
82%
wish
82%
You’re
82%
you’re
82%
before
77%
but
77%
buy
77%
can’t
77%
could
77%
drink?
77%
Fools
77%
handles
77%
if
77%
If
77%
John
77%
Lafayette!
77%
looked
77%
mouths
77%
passed.
77%
run
77%
said…
77%
said
77%
see
77%
serious.
77%
study
77%
stupid,
77%
stupid.
77%
than
77%
then
77%
Then
77%
they
77%
three!
77%
we’re
77%
wind
77%
with
77%
working
77%
would
77%
1776.
73%
am
73%
anyone
73%
bargained
73%
been
73%
buddy
73%
did.
73%
financials?
73%
God,
73%
got
73%
Hercules
73%
je
73%
join
73%
king
73%
Laurens
73%
looking
73%
m’appelle
73%
mother
73%
name
73%
New
73%
offer
73%
prove
73%
set!
73%
stand.
73%
stand
73%
talking,
73%
their
73%
wanted
73%
While
73%
worth
73%
yours.
73%
accelerated
68%
Adams,
68%
ami,
68%
best?
68%
came
68%
City.
68%
”Come
68%
Cuz
68%
from
68%
just
68%
moi!
68%
mon
68%
Mulligan,
68%
Oui
68%
oui,
68%
seeking
68%
sort
68%
Those
68%
two,
68%
Two
68%
will
68%
York
68%
afar
64%
and
64%
”Bonsoir!”
64%
C’est
64%
fall
64%
lovin’
64%
nothing,
64%
out
64%
pints
64%
red-coats
64%
revolutionary
64%
say
64%
sorts
64%
these
64%
till
64%
cops
59%
corsets…
59%
horses,
59%
Lancelot
59%
sit.
59%
Brraah
55%
Brraah!
55%
bursar?
55%
chick-a
55%
drop
55%
Give
55%
hard
55%
intercourse
55%
knowledge!
55%
Let’s
55%
college!
50%
land.
50%
raise
50%
Sam
50%
sets
50%
spit.
50%
Tell
50%
us
50%
another
45%
four
45%
Good
45%
Lock
45%
over
45%
sex,
45%
son!
45%
stall
45%
takin’
45%
toi!”
45%
verse,
45%
brew,
41%
”Casse
41%
daughters
41%
imminent.
41%
luck
41%
pour
41%
prodigy
41%
revolution’s
41%
what’ll
41%
couple
36%
pop
36%
ain’t
32%
No matching quizzes found
Score Distribution
Percent of People with Each Score
Percentile by Number Answered
Your Score History
You have not taken this quiz